000 00658nam a2200229 a 4500
001 BRCA_7370
005 20190320205818.0
008 070313s1950----mx-a######---#000-0#spa-#
041 _aspa
044 _amx
050 4 _aN7830
_b.C37 1950
100 1 _aCarrillo y Gariel, Abelardo
_91363
245 1 0 _aImagineria popular novoespañola
_cAbelardo Carrillo y Gariel.
260 _aMéxico
_bEdiciones Mexicanas
_c1950
300 _a45 p.
_bil., láminas
440 0 _aEnciclopedia mexicana de arte
_v1
_918213
500 _aQ62
650 1 4 _aArte y simbolismo cristianos
_94853
650 1 4 _aÍdolos e imágenes
_918214
902 _aGFM
942 _2lcc
_cB
999 _c7046
_d7046